Modelovanie EMC širokopásmových antén
Salvato in:
| Autore principale: | |
|---|---|
| Altri autori: | |
| Natura: | Manoscritto Libro |
| Lingua: | slovacco |
| Pubblicazione: |
2016
|
| Soggetti: | |
| Accesso online: | http://is.stuba.sk/zp/portal_zp.pl?podrobnosti=131055 |
| Tags: |
Nessun Tag, puoi essere il primo ad aggiungerne!!
|
MARC
| LEADER | 00000ntm a22000003a 4500 | ||
|---|---|---|---|
| 001 | stuzp55511 | ||
| 003 | SK-STU | ||
| 005 | 20160721132433.0 | ||
| 007 | ta | ||
| 008 | 150427s2015----xo-----f-mn---000-0-slo-d | ||
| 040 | |a STU |b slo | ||
| 041 | 0 | |a slo | |
| 044 | |a xo | ||
| 100 | 1 | |a Nováková, Tereza |u 033000 |k Z4 |4 aut |U FEI Fakulta elektrotechniky a informatiky |T FEI Ústav elektroniky a fotoniky |X 68367 |U E030 |Y 549 |7 A000068367 | |
| 242 | 0 | 1 | |a Modelling of EMC Broadband Antennas |y eng |
| 245 | 1 | 0 | |a Modelovanie EMC širokopásmových antén |
| 260 | |c 2016 | ||
| 300 | |a 96 s., |b CD-ROM | ||
| 650 | 4 | |a simulačný model |2 slo | |
| 650 | 4 | |a neistota merania |2 slo | |
| 650 | 4 | |a elektromagnetická kompatibilita |2 slo | |
| 650 | 4 | |a hrebeňová lieviková anténa |2 slo | |
| 650 | 4 | |a FEKO |2 slo | |
| 650 | 4 | |a širokopásmové antény |2 slo | |
| 650 | 4 | |a poschodová logaritmicko-periodická anténa |2 slo | |
| 650 | 4 | |a bikónicko-logaritmicko-periodická anténa |2 slo | |
| 650 | 4 | |a electromagnetic compatibility |2 eng | |
| 650 | 4 | |a FEKO |2 eng | |
| 650 | 4 | |a simulation model |2 eng | |
| 650 | 4 | |a broadband antenna |2 eng | |
| 650 | 4 | |a measurement uncertainty |2 eng | |
| 650 | 4 | |a stacked logarithmic-periodic antenna |2 eng | |
| 650 | 4 | |a biconical-logarithmic-periodic antenna |2 eng | |
| 650 | 4 | |a double-ridged horn antenna |2 eng | |
| 700 | 1 | |a Bittera, Mikuláš |u 034000 |k Z1 |4 ths |U FEI Fakulta elektrotechniky a informatiky |T FEI Ústav elektrotechniky |X 1777 |U E040 |Y 550 |7 A000001777 | |
| 856 | 4 | |u http://is.stuba.sk/zp/portal_zp.pl?podrobnosti=131055 | |
| 996 | |b 284EP11365 |c E*DIPL- 11365 |l EE33 |s P |a 0 |w stuzp55511_0001 | ||
| SQL | |a stuzp55511 |b DDP |c SLO |d Modelovanie EMC širokopásmových antén |e 68367 |f Nováková, Tereza |g 033000 |h 1777 |i Bittera, Mikuláš |j 20160614 |k 1172 |l 03 |m http://is.stuba.sk/zp/portal_zp.pl?podrobnosti=131055 |n I-EN |o 5.2.13. elektronika | ||